000 01125cam a22003733a 4500
001 4610
003 FISKH
005 20240918095803.0
008 060823s2006 nyua j 000 1 eng d
010 _a 2006297635
020 _a0439828031 (pbk.)
020 _a9780439828031
020 _a9780439828031
040 _aJBO
_cJBO
_dOCLCQ
_dDLC
_beng
050 _aPZ7
082 _a688.728
100 1 _aFarshtey, Greg.
245 1 0 _aBionicle dark hunters
_cby Greg Farshtey.
246 3 0 _aDark hunters
260 _aNew York :
_bScholastic,
_c2006.
300 _a79 pages :
_bcolor illustrations ;
_c23 cm
500 _a"Based on the LEGO characters"--P. [4] of cover.
505 _aP
520 _aTells a story about the evil dark hunters of the Bionicle world.
521 8 _a650
_bLexile estimate
521 8 _aP
_bRaz-Plus
650 0 _aLego toys
_vJuvenile fiction.
650 0 _aMonsters
_vJuvenile fiction.
650 0 _aFantasy
_vJuvenile fiction.
710 2 _aLEGO koncernen (Denmark)
906 _a7
_bcbc
_ccopycat
_d2
_encip
_f20
_gy-gencatlg
942 _2ddc
_cBK
_n0
999 _c4610
_d4610